000 00735nam a2200193Ii 4500
003 JO-AjNU
008 230605s9999||||xx |||||||||||||| ||und||
040 _aJO-AjNU
_bara
_erda
_cJO-AjNU
041 _aara
050 1 4 _aKMM356.6.A31 1985.W39.1995
100 3 _aوزارة المالية دائرة ضريبة الدخل، عمان,
_eauthor
_952871
245 0 0 _a قانون ضريبة الدخل قانون رقم (57) لسنة 1985 
264 3 1 _aعمان : دائرة ضريبة الدخل ، 1995
300 _a65ص
336 _atext
_btxt
_2rdacontent
337 _aunmediated
_bn
_2rdamedia
338 _avolume
_bnc
_2rdacarrier
650 4 _aضريبة الدخل -- قوانين و تشريعات -- الاردن
_952872
999 _aA23446
_c27014
_d27014